000 00364cam a22001217a 4500
008 180718b1990 xxu||||| |||| 00| 0 eng d
082 _aT25x54 D53
100 _aDey, N.
245 _aManagement of business enterprises in India: cost, profit and control
_cby N. Dey
260 _aNew Delhi
_bAnmol
_c1990
300 _a326p.
650 _aIndustrial management - India
999 _c344110
_d344110